Statistics for Minecraft Loot in Chests

Click here to take the quiz!

General Stats

  • This quiz has been taken 16 times
  • The average score is 179 of 494

Answer Stats

Answer% Correct
Diamond
85%
Apple
69%
Golden Apple
69%
Arrow
62%
Enchanted Golden Apple
62%
Iron Chestplate
62%
String
62%
Book
54%
Bread
54%
Emerald
54%
Gold Ingot
54%
Iron Ingot
54%
Iron Sword
54%
Stone
54%
Bone
46%
Buried Treasure Map
46%
Carrot
46%
Chain
46%
Diamond Boots
46%
Diamond Chestplate
46%
Diamond Helmet
46%
Diamond Horse Armor
46%
Diamond Leggings
46%
Diamond Sword
46%
Empty Map
46%
Enchanted Book
46%
Iron Boots
46%
Iron Helmet
46%
Iron Leggings
46%
Iron Pickaxe
46%
Leather
46%
Leather Boots
46%
Leather Pants
46%
Leather Tunic
46%
Map
46%
Music Disc (Cat)
46%
Obsidian
46%
TNT
46%
Beetroot Seeds
38%
Bucket
38%
Coal
38%
Ender Pearl
38%
Flint
38%
Golden Chestplate
38%
Golden Helmet
38%
Golden Horse Armor
38%
Golden Leggings
38%
Gold Nugget
38%
Grass
38%
Gunpowder
38%
Heart of the Sea
38%
Iron Nugget
38%
Lapis Lazuli
38%
Leather Cap
38%
Music Disc (13)
38%
Netherite Ingot
38%
Raw Porkchop
38%
Redstone Dust
38%
Rotten Flesh
38%
Sand
38%
Stick
38%
Wheat
38%
Chainmail Boots
31%
Chainmail Chestplate
31%
Chainmail Helmet
31%
Chainmail Leggings
31%
Compass
31%
Crossbow
31%
Diamond Hoe
31%
Diamond Pickaxe
31%
Feather
31%
Fishing Rod
31%
Flint and Steel
31%
Golden Boots
31%
Golden Pickaxe
31%
Golden Sword
31%
Iron Axe
31%
Iron Horse Armor
31%
Iron Shovel
31%
Melon Seeds
31%
Oak Sapling
31%
Paper
31%
Poppy
31%
Potato
31%
Pumpkin
31%
Raw Beef
31%
Raw Cod
31%
Raw Mutton
31%
Raw Salmon
31%
Saddle
31%
Sculk
31%
Soul Torch
31%
Spider Eye
31%
Acacia Sapling
23%
Bamboo
23%
Book and Quill
23%
Cooked Cod
23%
Cooked Porkchop
23%
Cooked Salmon
23%
Dandelion
23%
Diamond Shovel
23%
Egg
23%
Fern
23%
Glow Berries
23%
Glowstone
23%
Goat Horn
23%
Golden Axe
23%
Golden Carrot
23%
Golden Hoe
23%
Golden Shovel
23%
Name Tag
23%
Poisonous Potato
23%
Pumpkin Seeds
23%
Rail
23%
Shears
23%
Spruce Sapling
23%
Suspicious Stew
23%
Sweet Berries
23%
Torch
23%
Activator Rail
15%
Ancient Debris
15%
Baked Potato
15%
Black Wool
15%
Blue Ice
15%
Bone Block
15%
Bottle o' Enchanting
15%
Cactus
15%
Cake
15%
Clock
15%
Crying Obsidian
15%
Dead Bush
15%
Detector Rail
15%
Gray Wool
15%
Lead
15%
Lodestone
15%
Magma Cream
15%
Music Disc (Pigstep)
15%
Nether Wart
15%
Packed Ice
15%
Potion of Regeneration
15%
Powered Rail
15%
Sculk Sensor
15%
Snowball
15%
Soul Sand
15%
Spectral Arrow
15%
Stone Axe
15%
Tall Grass
15%
White Wool
15%
Allium
8%
Beetroot Soup
8%
Block of Gold
8%
Block of Iron
8%
Candle
8%
Clay Ball
8%
Coast Armor Trim
8%
Dark Oak Sapling
8%
Dune Armor Trim
8%
Eye Armor Trim
8%
Fire Charge
8%
Furnace
8%
Glistering Melon
8%
Large Fern
8%
Light Gray Wool
8%
Light Weighted Pressure Plate
8%
Moss Block
8%
Music Disc (Otherside)
8%
Music Disc (Wait)
8%
Netherite Scrap
8%
Potion of Water Breathing
8%
Pumpkin Pie
8%
Rib Armor Trim
8%
Sculk Catalyst
8%
Sentry Armor Trim
8%
Silence Armor Trim
8%
Snout Armor Trim
8%
Snow Block
8%
Spire Armor Trim
8%
Vex Armor Trim
8%
Ward Armor Trim
8%
Wild Armor Trim
8%
Amethyst Shard
0%
Barrel
0%
Bell
0%
Brown Wool
0%
Crimson Fungus
0%
Crimson Nylium
0%
Crimson Roots
0%
Dark Oak Log
0%
Disc Fragment
0%
Flower Pot
0%
Gilded Blackstone
0%
Green Dye
0%
Music Disc (Mellohi)
0%
Netherite Upgrade
0%
Nether Quartz
0%
Prismarine Crystals
0%
Smooth Stone
0%
Snout Banner Pattern
0%
Spruce Log
0%
Spruce Sign
0%
Stone Bricks
0%
Tripwire Hook
0%
Water Bucket
0%
Wheat Seeds
0%
Yellow Dye
0%

Score Distribution

Percentile by Number Answered

Percent of People with Each Score

Your Score History

You have not taken this quiz